00966nam a2200205 a 450000100100000000500170001000800410002702000150006804000130008308200150009624502640011126001060037530000210048144000420050250000310054450000490057504900090062495201120063399900150074500000542420200929151656.0090819s1994 sp 001 spa d a8400073991 aDO-SdBNP axxxbR382e00aRelaciones económicas del Reino de Chile (1780) : /cestudio preliminar y edición de Francisco de Solano; preparación y transcripción de los textos: Ignacio Blanco Olmedo, Concepción de Solano Málaga, José Pérez Castillo y Francisco de Solano. aMadrid, :bConsejo Superior de Investigaciones Científicas, Centro de Estudios Históricos,c1994. a268 p. ;c24 cm. 0aTierra nueva e cielo nuevov34915388 aIncluye tabla de contenido aV centenario del descubrimiento de América aBNPD 001050718MOaGRbGRcCTd2009-08-19iLF1l0oxxx R382ep5424-10r2020-06-25w2020-06-25y1ZNo se presta c5224d5224